The food bible : The ultimate guide to all that's good and bad in the food we eat
Saved in:
| Main Author: | |
|---|---|
| Format: | Book |
| Language: | Undetermined |
| Published: |
New York
Simon & Schuster Editions
1998
|
| Subjects: | |
| Tags: |
Add Tag
No Tags, Be the first to tag this record!
|
| Institutions: | Trung tâm Học liệu Trường Đại học Cần Thơ |
|---|
| LEADER | 00648nam a2200193Ia 4500 | ||
|---|---|---|---|
| 001 | CTU_191887 | ||
| 008 | 210402s9999 xx 000 0 und d | ||
| 082 | |a 613.2 | ||
| 082 | |b W741 | ||
| 100 | |a Wills, Judith | ||
| 245 | 4 | |a The food bible : | |
| 245 | 4 | |b The ultimate guide to all that's good and bad in the food we eat | |
| 245 | 0 | |c Judith Wills | |
| 260 | |a New York | ||
| 260 | |b Simon & Schuster Editions | ||
| 260 | |c 1998 | ||
| 650 | |a Nutrition,Diet,Consumer education,Dinh dưỡng,Chế độ ăn uống,Giáo dục người tiêu dùng | ||
| 904 | |i Trúc | ||
| 980 | |a Trung tâm Học liệu Trường Đại học Cần Thơ | ||